00403nam a2200145Ia 4500008004100000020001500041041001200056082001600068100001900084245008700103260002500190300000800215650001400223700002000237221030s9999 xx 000 0 und d a0070486824 aEnglish a105.23bCou aJ. S. Couchman 0aOCP Oracle 9i Database Fundamentals Exam Guidecby J. S. Couchman, S. N. Marisetti bTMHaNew Delhic2002 a516 aComputers aS. N. Marisetti